Carregant...

ഇന്ത്യ 2020 : നവസഹസ്രാബ്ദ ദര്‍ശനം /

Dades bibliogràfiques
Autor principal: അബ്ദുല്‍കലാം, എ. പി. ജെ
Altres autors: Abdulkalam, A. P. J., Rajan, Y. S.
Format: Printed Book
Idioma:English
Publicat: തിരുവനന്തപുരം : കേരള ഭാഷാ ഇന്‍സ്റ്റിറ്റ്യൂട്ട്, 2004. (2011)
Edició:1st ed.
Matèries:
LEADER 01310nam a22002537a 4500
008 141020b xxu||||| |||| 00| 0 eng d
020 |a 9788176380270 
082 |a 330.954 ABD 
100 |a അബ്ദുല്‍കലാം, എ. പി. ജെ. 
240 |a India 2020 : nava sahasrabdha darsanam 
245 |a ഇന്ത്യ 2020 :  |b നവസഹസ്രാബ്ദ ദര്‍ശനം /  |c എ. പി. ജെ.അബ്ദുല്‍കലാം & വൈ. ​എസ്. രാജന്‍ 
246 |a A Vision for the new millennium 
250 |a 1st ed.  |b 3rd imp. 
260 |a തിരുവനന്തപുരം :  |b കേരള ഭാഷാ ഇന്‍സ്റ്റിറ്റ്യൂട്ട്,  |c 2004. (2011) 
300 |a 363p. 
650 |a India 
650 |a Development 
650 |a Economics 
700 |a Abdulkalam, A. P. J. 
700 |a Rajan, Y. S. 
942 |2 ddc  |c BK 
999 |c 8166  |d 8166 
952 |0 0  |1 0  |2 ddc  |4 0  |6 330_954000000000000_ABD  |7 0  |9 11689  |a MAIN  |b MAIN  |d 2014-10-20  |e Kerala Bhasha Institute, TVM  |g 130.00  |l 13  |o 330.954 ABD  |p 11845  |r 2019-02-01  |s 2019-01-30  |t 1  |w 2014-10-20  |y BK 
952 |0 0  |1 0  |2 ddc  |4 0  |6 330_954000000000000_ABD  |7 0  |9 20296  |a MAIN  |b MAIN  |d 2016-03-14  |e Kerala Bhasha Institute  |g 130.00  |l 6  |m 1  |o 330.954 ABD  |p 20448  |r 2018-12-11  |s 2018-12-11  |t 2  |w 2016-03-14  |y BK